[Event "Regionalliga Nord-West 1718"]
[Site "Bayern"]
[Date "2018.02.04"]
[Round "6.6"]
[White "Schleupner, Kurt"]
[Black "Link, Klaus"]
[Result "1/2-1/2"]
[WhiteElo "1770"]
[BlackElo "1970"]
[PlyCount "107"]
[EventDate "2017.10.22"]
[EventType "team-tourn"]
[EventRounds "9"]
[EventCountry "GER"]
[SourceTitle "EXT 2022"]
[Source "ChessBase"]
[SourceDate "2021.10.06"]
[SourceVersion "1"]
[SourceVersionDate "2021.10.06"]
[SourceQuality "1"]
[WhiteTeam "Hof PTSV"]
[BlackTeam "Klingenberg"]
[WhiteTeamCountry "GER"]
[BlackTeamCountry "GER"]

1. e4 c5 2. Nf3 Nc6 3. d4 cxd4 4. Nxd4 Nf6 5. Nc3 e5 6. Ndb5 d6 7. Nd5 Nxd5 8. exd5 Nb8 9. c4 a6 10. Nc3 Be7 11. Bd3 0-0 12. 0-0 f5 13. f3 Nd7 14. Be3 Bg5 15. Qd2 Bxe3+ 16. Qxe3 b6 17. b3 Qc7 18. Rac1 Qc5 19. Qxc5 Nxc5 20. Bb1 Bd7 21. Ne2 g5 22. Nc3 Kg7 23. Bc2 Rac8 24. Rfd1 Nb7 25. Ne2 b5 26. Bd3 b4 27. Bc2 h5 28. Kf2 Nc5 29. Kg1 Rb8 30. Rf1 a5 31. g3 f4 32. gxf4 gxf4 33. Kh1 Kf6 34. Rg1 Rg8 35. Rxg8 Rxg8 36. Rg1 Rxg1+ 37. Kxg1 Bf5 38. Bxf5 Kxf5 39. Kg2 a4 40. Nc1 a3 41. Kf1 e4 42. Ke2 Ke5 43. Kd2 exf3 44. Nd3+ Nxd3 45. Kxd3 Kf5 46. Kd2 h4 47. Ke1 h3 48. Kf1 Ke5 49. Ke1 Kd4 50. Kf2 Ke4 51. Kf1 Kd4 52. Ke1 Ke5 53. Kf1 Kd4 54. Kf2 1/2-1/2

[Event "Regionalliga Nord-West 1718"]
[Site "Bayern"]
[Date "2017.11.12"]
[Round "2.5"]
[White "Becker, Alexander1111"]
[Black "Schleupner, Kurt"]
[Result "1-0"]
[WhiteElo "1972"]
[BlackElo "1770"]
[PlyCount "73"]
[EventDate "2017.10.22"]
[EventType "team-tourn"]
[EventRounds "9"]
[EventCountry "GER"]
[SourceTitle "EXT 2022"]
[Source "ChessBase"]
[SourceDate "2021.10.06"]
[SourceVersion "1"]
[SourceVersionDate "2021.10.06"]
[SourceQuality "1"]
[WhiteTeam "Kronach"]
[BlackTeam "Hof PTSV"]
[WhiteTeamCountry "GER"]
[BlackTeamCountry "GER"]

1. d4 Nf6 2. Nf3 g6 3. c4 Bg7 4. e3 d6 5. Nc3 0-0 6. Be2 Nbd7 7. 0-0 c6 8. Qc2 Re8 9. Rd1 Qc7 10. b4 e5 11. dxe5 dxe5 12. e4 Nf8 13. h3 Ne6 14. Be3 Nf8 15. c5 Nh5 16. Nd2 Ne6 17. Bxh5 gxh5 18. Nc4 Nd4 19. Qd3 Rd8 20. Nd6 Ne6 21. Qe2 Nf8 22. Qxh5 Be6 23. Bh6 f6 24. Rd2 Bxh6 25. Qxh6 Qg7 26. Qxg7+ Kxg7 27. Rad1 Rd7 28. Ne2 Rad8 29. Ng3 Kg6 30. f3 Kg5 31. Kf2 h5 32. h4+ Kg6 33. Ke3 Kh6 34. Ngf5+ Kg6 35. Rg1 Bxf5 36. exf5+ Kh6 37. Nf7+ 1-0

[Event "Regionalliga Nord-West 1718"]
[Site "Bayern"]
[Date "2017.10.22"]
[Round "1.5"]
[White "Schleupner, Kurt"]
[Black "Bobrov, Andrey"]
[Result "1/2-1/2"]
[WhiteElo "1770"]
[BlackElo "2003"]
[PlyCount "137"]
[EventDate "2017.10.22"]
[EventType "team-tourn"]
[EventRounds "9"]
[EventCountry "GER"]
[SourceTitle "EXT 2022"]
[Source "ChessBase"]
[SourceDate "2021.10.06"]
[SourceVersion "1"]
[SourceVersionDate "2021.10.06"]
[SourceQuality "1"]
[WhiteTeam "Hof PTSV"]
[BlackTeam "Rottendorf"]
[WhiteTeamCountry "GER"]
[BlackTeamCountry "GER"]

1. e4 g6 2. d4 Bg7 3. Nf3 d6 4. Nc3 c6 5. Be2 Qc7 6. 0-0 e5 7. Be3 Nd7 8. Qd2 Ngf6 9. h3 0-0 10. Rad1 Re8 11. dxe5 dxe5 12. a3 Bf8 13. Ne1 Nc5 14. Bf3 Be6 15. Bxc5 Bxc5 16. Nd3 Be7 17. Qe3 Bc4 18. Be2 Qa5 19. Qf3 Kg7 20. Nc1 Be6 21. Nb3 Qc7 22. Kh2 Rad8 23. Rxd8 Rxd8 24. Rd1 Rd7 25. Rxd7 Nxd7 26. Qe3 b6 27. Kh1 Nc5 28. Nd2 Qd8 29. Nf3 f6 30. Qd2 Qxd2 31. Nxd2 b5 32. Kg1 Bf7 33. Nd1 Ne6 34. c3 Bc5 35. g3 Bb6 36. Kg2 Nc5 37. Kf3 Nb3 38. Nxb3 Bxb3 39. Ne3 Be6 40. h4 f5 41. Bd3 Kf6 42. Ke2 f4 43. Ng2 fxg3 44. fxg3 Bg4+ 45. Kf1 Bh3 46. Be2 a5 47. c4 bxc4 48. Bxc4 Ke7 49. b3 Kd6 50. Bg8 h6 51. Bf7 g5 52. hxg5 hxg5 53. Bg6 Ke6 54. Be8 Kd6 55. Bg6 Bc5 56. Bf5 g4 57. a4 Bb6 58. Bg6 Bd4 59. Be8 Kc5 60. Bd7 Kb4 61. Bxc6 Kxb3 62. Bb5 Kc2 63. Bc6 Kc3 64. Bb5 Kd2 65. Bc4 Kc3 66. Bb5 Kb3 67. Bc6 Kc2 68. Bb5 Kd2 69. Bc4 1/2-1/2

[Event "Regionalliga NW 1314"]
[Site "Bayern"]
[Date "2014.03.16"]
[Round "8.7"]
[White "Schmierer, Hans Joachim"]
[Black "Schleupner, Kurt"]
[Result "1/2-1/2"]
[WhiteElo "1805"]
[BlackElo "1813"]
[PlyCount "49"]
[EventDate "2013.10.13"]
[EventType "team-tourn"]
[EventRounds "9"]
[EventCountry "GER"]
[SourceTitle "EXT 2015"]
[Source "ChessBase"]
[SourceDate "2014.11.20"]
[SourceVersion "1"]
[SourceVersionDate "2014.11.20"]
[SourceQuality "1"]
[WhiteTeam "Kronach"]
[BlackTeam "Hof"]
[WhiteTeamCountry "GER"]
[BlackTeamCountry "GER"]

1. c4 e5 2. Nc3 Nf6 3. g3 g6 4. Bg2 Bg7 5. d3 0-0 6. Bd2 c6 7. e4 d6 8. Nge2 Na6 9. 0-0 Nc5 10. Qc2 a5 11. a3 a4 12. Be3 Bg4 13. f3 Be6 14. Rab1 Qa5 15. Bd2 Nb3 16. Be1 b5 17. Nxb5 Qd8 18. Nbc3 Nc5 19. Bf2 Nfd7 20. h3 f5 21. Rfd1 Qa5 22. d4 Nb3 23. d5 cxd5 24. cxd5 Bf7 25. Qd3 1/2-1/2

[Event "Regionalliga NW 1314"]
[Site "Bayern"]
[Date "2014.01.19"]
[Round "5.8"]
[White "Guentner, Peter"]
[Black "Schleupner, Kurt"]
[Result "0-1"]
[WhiteElo "1898"]
[BlackElo "1813"]
[PlyCount "88"]
[EventDate "2013.10.13"]
[EventType "team-tourn"]
[EventRounds "9"]
[EventCountry "GER"]
[SourceTitle "EXT 2015"]
[Source "ChessBase"]
[SourceDate "2014.11.20"]
[SourceVersion "1"]
[SourceVersionDate "2014.11.20"]
[SourceQuality "1"]
[WhiteTeam "Rottendorf"]
[BlackTeam "Hof"]
[WhiteTeamCountry "GER"]
[BlackTeamCountry "GER"]

1. d4 Nf6 2. Bg5 d5 3. e3 e6 4. Nd2 Be7 5. Bd3 b6 6. f4 Bb7 7. Ngf3 Nbd7 8. c3 Ne4 9. Bxe7 Qxe7 10. Qc2 f5 11. Bb5 c6 12. Bd3 0-0 13. 0-0 Rac8 14. Rae1 c5 15. Bb5 Bc6 16. Ba6 Rc7 17. Bd3 b5 18. Qd1 a6 19. Qe2 Ndf6 20. Ne5 Be8 21. Bxe4 dxe4 22. Nb3 Bh5 23. Qd2 c4 24. Nc5 Qd6 25. Qf2 Be8 26. Rd1 Nd5 27. g4 Bf7 28. Rd2 Ra8 29. Qg3 Kh8 30. Rg2 Rg8 31. Qh3 g6 32. Rg3 Nf6 33. Qg2 a5 34. h4 Ra7 35. Kh1 Qe7 36. Nc6 Qc7 37. Nxa7 Qxa7 38. gxf5 exf5 39. Qe2 Qe7 40. Rfg1 Rd8 41. Rg5 Rg8 42. Qh2 h5 43. R5g3 Ng4 44. Kg2 Nxh2 0-1

[Event "Regionalliga NW 1314"]
[Site "Bayern"]
[Date "2013.11.10"]
[Round "2.8"]
[White "Kuespert, Helmut"]
[Black "Schleupner, Kurt"]
[Result "1/2-1/2"]
[WhiteElo "1850"]
[BlackElo "1813"]
[PlyCount "135"]
[EventDate "2013.10.13"]
[EventType "team-tourn"]
[EventRounds "9"]
[EventCountry "GER"]
[SourceTitle "EXT 2015"]
[Source "ChessBase"]
[SourceDate "2014.11.20"]
[SourceVersion "1"]
[SourceVersionDate "2014.11.20"]
[SourceQuality "1"]
[WhiteTeam "Marktleuthen"]
[BlackTeam "Hof"]
[WhiteTeamCountry "GER"]
[BlackTeamCountry "GER"]

1. e4 d6 2. d4 Nf6 3. Nc3 g6 4. Be2 Bg7 5. Nf3 0-0 6. 0-0 Nbd7 7. h3 c6 8. Be3 e5 9. Qd2 Re8 10. dxe5 dxe5 11. Rfd1 Qc7 12. Bc4 Nf8 13. Qd6 Qxd6 14. Rxd6 b5 15. Bd3 Bb7 16. Bg5 N8d7 17. Bxf6 Nxf6 18. Nh2 Rad8 19. Rxd8 Rxd8 20. f3 Nh5 21. Ne2 Bf8 22. g3 Ng7 23. Ng4 Bd6 24. Nf6+ Kh8 25. Ng4 Ne8 26. Kg2 Kg7 27. a4 b4 28. Ne3 f6 29. Nc4 Bc5 30. Rb1 Nd6 31. Na5 Ba8 32. Nb3 Be3 33. Na5 Bb6 34. Nc4 Nxc4 35. Bxc4 Bb7 36. b3 a5 37. Bd3 Bc8 38. Kf1 Be6 39. g4 Be3 40. Ke1 c5 41. Ng3 Bg5 42. Nf1 h5 43. Ke2 hxg4 44. hxg4 Rh8 45. Rd1 Rd8 46. Bb5 Rd4 47. Rxd4 cxd4 48. Kd3 f5 49. gxf5 gxf5 50. Bc4 Bc8 51. Ng3 fxe4+ 52. Kxe4 Kf6 53. f4 Bb7+ 54. Bd5 Bxd5+ 55. Kxd5 exf4 56. Ne4+ Kf5 57. Kxd4 Bd8 58. Kd3 Bb6 59. Nd6+ Kg4 60. Nc4 Bc7 61. Ke2 Kg3 62. Nd2 Bb6 63. Nf1+ Kg4 64. Nd2 Be3 65. Nc4 Bc5 66. Nxa5 f3+ 67. Kf1 Kf4 68. Nc4 1/2-1/2

[Event "Regionalliga NW 1314"]
[Site "Bayern"]
[Date "2013.10.13"]
[Round "1.7"]
[White "Lautenschlager, Gert"]
[Black "Schleupner, Kurt"]
[Result "1/2-1/2"]
[WhiteElo "1868"]
[BlackElo "1813"]
[PlyCount "89"]
[EventDate "2013.10.13"]
[EventType "team-tourn"]
[EventRounds "9"]
[EventCountry "GER"]
[SourceTitle "EXT 2015"]
[Source "ChessBase"]
[SourceDate "2014.11.20"]
[SourceVersion "1"]
[SourceVersionDate "2014.11.20"]
[SourceQuality "1"]
[WhiteTeam "Wuerzburg II"]
[BlackTeam "Hof"]
[WhiteTeamCountry "GER"]
[BlackTeamCountry "GER"]

1. e4 c5 2. Nf3 Nc6 3. Bb5 d6 4. h3 Bd7 5. b3 Nf6 6. d3 g6 7. 0-0 Bg7 8. Bb2 0-0 9. Nbd2 e5 10. Bxc6 Bxc6 11. Nc4 Nh5 12. Ne3 Nf4 13. Kh2 Qd7 14. Ng1 b6 15. Rb1 Rad8 16. c4 Bb7 17. Nd5 Ne6 18. Ne2 f6 19. Qd2 Rf7 20. f3 Rdf8 21. Rf2 Bc8 22. Rbf1 Nc7 23. Nec3 Ne6 24. Ne2 Bb7 25. Bc3 Bc6 26. Qc1 Nd4 27. Nxd4 exd4 28. Bd2 f5 29. Bh6 fxe4 30. dxe4 Bxd5 31. Bxg7 Kxg7 32. cxd5 Qe7 33. Qc4 Qe5+ 34. g3 Qe8 35. Qd3 Re7 36. Kg2 Re5 37. Rh1 Qe7 38. h4 h5 39. Qd2 Qd7 40. Qd3 Rfe8 41. Re2 Qe7 42. Rhe1 Qf7 43. f4 R5e7 44. Kh3 Kh8 45. Kg2 1/2-1/2

[Event "Regionalliga NW 1213"]
[Site "Bayern"]
[Date "2013.02.24"]
[Round "7.7"]
[White "Bartonicek, Zdenek"]
[Black "Schleupner, Kurt"]
[Result "1/2-1/2"]
[WhiteElo "1958"]
[BlackElo "1785"]
[PlyCount "72"]
[EventDate "2012.10.14"]
[EventType "team-tourn"]
[EventRounds "9"]
[EventCountry "GER"]
[SourceTitle "EXT 2015"]
[Source "ChessBase"]
[SourceDate "2014.11.20"]
[SourceVersion "1"]
[SourceVersionDate "2014.11.20"]
[SourceQuality "1"]
[WhiteTeam "Kirchenlaibach"]
[BlackTeam "Hof"]
[WhiteTeamCountry "GER"]
[BlackTeamCountry "GER"]

1. d4 Nf6 2. Nf3 g6 3. g3 Bg7 4. Bg2 0-0 5. 0-0 d6 6. c4 c6 7. Nc3 Nbd7 8. e4 e5 9. dxe5 dxe5 10. Qc2 Qc7 11. b3 Re8 12. Ba3 Bf8 13. Bxf8 Nxf8 14. Rad1 Bg4 15. h3 Bxf3 16. Bxf3 Ne6 17. Ne2 Rad8 18. Kg2 b6 19. Qc3 c5 20. Rfe1 Rxd1 21. Rxd1 Nd4 22. Nxd4 exd4 23. Qd3 Nd7 24. Be2 Ne5 25. Qc2 f6 26. f4 Nf7 27. h4 Qd7 28. Bf3 Kg7 29. Re1 Qc7 30. Qd2 Qd6 31. Qd3 Nh6 32. Re2 Nf7 33. Re1 h6 34. Rf1 Re7 35. Bd1 Qc6 36. Bf3 Qd6 1/2-1/2

[Event "Regionalliga NW 1213"]
[Site "Bayern"]
[Date "2013.01.13"]
[Round "5.8"]
[White "Schleupner, Kurt"]
[Black "Deml, Tilo"]
[Result "1/2-1/2"]
[WhiteElo "1785"]
[BlackElo "1935"]
[PlyCount "124"]
[EventDate "2012.10.14"]
[EventType "team-tourn"]
[EventRounds "9"]
[EventCountry "GER"]
[SourceTitle "EXT 2015"]
[Source "ChessBase"]
[SourceDate "2014.11.20"]
[SourceVersion "1"]
[SourceVersionDate "2014.11.20"]
[SourceQuality "1"]
[WhiteTeam "Hof"]
[BlackTeam "Marktleuthen"]
[WhiteTeamCountry "GER"]
[BlackTeamCountry "GER"]

1. e4 e5 2. Nf3 d6 3. d4 Bg4 4. Be2 Nd7 5. 0-0 Ngf6 6. Nc3 Be7 7. Be3 0-0 8. Ne1 Bxe2 9. Qxe2 Re8 10. d5 c6 11. Rd1 cxd5 12. exd5 a6 13. f3 b5 14. Ne4 Rc8 15. c3 Nb6 16. Nxf6+ Bxf6 17. Bxb6 Qxb6+ 18. Qf2 Qb7 19. Nc2 Bd8 20. Qd2 Bb6+ 21. Kh1 Bc5 22. Rfe1 f5 23. Qd3 f4 24. Re2 Kh8 25. Qe4 Qf7 26. a4 g5 27. axb5 axb5 28. Ne1 Rg8 29. Nd3 Be3 30. Nf2 h5 31. Rxe3 fxe3 32. Qxe3 Qg6 33. Qe4 g4 34. Qxg6 Rxg6 35. fxg4 hxg4 36. Ne4 Kg7 37. Ra1 Rc4 38. Re1 Rh6 39. Kg1 Rc8 40. Nf2 Rg6 41. Ne4 Rh8 42. Ng3 Rf8 43. Ra1 Rb8 44. Ra6 Kf8 45. Rc6 b4 46. c4 b3 47. c5 Rd8 48. Ne4 Ke7 49. Rb6 Rh6 50. cxd6+ Rhxd6 51. Nxd6 Rxd6 52. Rxb3 Rxd5 53. Kf2 Rd2+ 54. Kg3 Kf6 55. h3 gxh3 56. gxh3 Kf5 57. h4 Kg6 58. Kg4 Rd4+ 59. Kg3 Kh5 60. Re3 Rg4+ 61. Kf3 Rf4+ 62. Ke2 Kxh4 1/2-1/2

[Event "Regionalliga NW 1011"]
[Site "Bayern"]
[Date "2010.10.24"]
[Round "2.7"]
[White "Schleupner, Kurt"]
[Black "Kuespert, Helmut"]
[Result "1-0"]
[WhiteElo "1919"]
[BlackElo "1830"]
[PlyCount "121"]
[EventDate "2010.10.10"]
[EventType "team-tourn"]
[EventRounds "9"]
[EventCountry "GER"]
[SourceTitle "EXT 2012"]
[Source "ChessBase"]
[SourceDate "2011.11.24"]
[SourceVersion "1"]
[SourceVersionDate "2011.11.24"]
[SourceQuality "1"]
[WhiteTeam "Hof PTSV"]
[BlackTeam "Marktleuthen"]
[WhiteTeamCountry "GER"]
[BlackTeamCountry "GER"]

1. e4 c5 2. Nf3 e6 3. d4 cxd4 4. Nxd4 a6 5. Nc3 Qc7 6. Bd3 Nf6 7. 0-0 d6 8. Kh1 b6 9. Qe2 Be7 10. Be3 Bb7 11. f4 Nbd7 12. Nf3 0-0 13. Rad1 b5 14. a3 Rac8 15. Rfe1 Ng4 16. Bg1 Bf6 17. Nd4 Nh6 18. Qh5 e5 19. fxe5 Bxe5 20. Nde2 Nf6 21. Qh4 Kh8 22. Bd4 Bxd4 23. Nxd4 Qc5 24. Be2 Rfe8 25. Bf3 Re5 26. Nb3 Qc7 27. Qf2 Rce8 28. Qa7 R5e7 29. h3 Nf5 30. Qf2 Nh6 31. Nd2 Re5 32. Re2 Nhg8 33. Rde1 Ne7 34. Nb3 Ng6 35. g3 Bc6 36. Nd4 Bd7 37. Qg2 Qc8 38. Kh2 Rg5 39. Qf1 Ne5 40. Bg2 Rh5 41. Nf5 Bxf5 42. exf5 Rxf5 43. Qg1 Nfg4+ 44. Kh1 Nf6 45. Qd4 Rd8 46. g4 Rg5 47. Qf4 h6 48. Ne4 Nxe4 49. Bxe4 Qc4 50. b3 Qc3 51. Re3 Qd2 52. R1e2 Qc1+ 53. Re1 Qxa3 54. Bf5 g6 55. h4 gxf5 56. hxg5 Nxg4 57. Qxf5 Nxe3 58. Qf6+ Kh7 59. Qxf7+ Kh8 60. Qf6+ Kh7 61. g6+ 1-0

[Event "Regionalliga NW 1011"]
[Site "Bayern"]
[Date "2010.10.10"]
[Round "1.8"]
[White "Schulz, Lukas"]
[Black "Schleupner, Kurt"]
[Result "1-0"]
[WhiteElo "1673"]
[BlackElo "1919"]
[PlyCount "55"]
[EventDate "2010.10.10"]
[EventType "team-tourn"]
[EventRounds "9"]
[EventCountry "GER"]
[SourceTitle "EXT 2012"]
[Source "ChessBase"]
[SourceDate "2011.11.24"]
[SourceVersion "1"]
[SourceVersionDate "2011.11.24"]
[SourceQuality "1"]
[WhiteTeam "Hoechstadt/Aisch"]
[BlackTeam "Hof PTSV"]
[WhiteTeamCountry "GER"]
[BlackTeamCountry "GER"]

1. e4 c5 2. Nf3 Nc6 3. d4 cxd4 4. Nxd4 Nf6 5. Nc3 d6 6. Be2 e6 7. Be3 Be7 8. Qd2 0-0 9. 0-0-0 a6 10. g4 Qc7 11. g5 Nd7 12. f4 Nxd4 13. Bxd4 b5 14. f5 b4 15. f6 bxc3 16. Bxc3 Bd8 17. fxg7 Re8 18. Bh5 Ne5 19. Bxe5 dxe5 20. Rhf1 Ra7 21. Bxf7+ Qxf7 22. Rxf7 Rxf7 23. Qxd8 Rfe7 24. Qd6 Rxg7 25. Qxe5 Rf7 26. h4 Ref8 27. h5 Rf2 28. h6 1-0

[Event "Regionalliga NW 0910"]
[Site "Bayern"]
[Date "2010.04.11"]
[Round "9.7"]
[White "Becker, Alexander1111"]
[Black "Schleupner, Kurt"]
[Result "1/2-1/2"]
[WhiteElo "1925"]
[BlackElo "1934"]
[PlyCount "30"]
[EventDate "2009.10.18"]
[EventType "team-tourn"]
[EventRounds "9"]
[EventCountry "GER"]
[SourceTitle "EXT 2011"]
[Source "ChessBase"]
[SourceDate "2010.11.26"]
[SourceVersion "1"]
[SourceVersionDate "2010.11.26"]
[SourceQuality "1"]
[WhiteTeam "Kronach"]
[BlackTeam "Hof"]
[WhiteTeamCountry "GER"]
[BlackTeamCountry "GER"]

1. c4 c5 2. Nc3 Nc6 3. g3 d6 4. Bg2 Nf6 5. e3 g6 6. Nge2 Bg7 7. 0-0 0-0 8. d4 Bd7 9. b3 Rb8 10. Bb2 e6 11. Qd2 a6 12. Rac1 Qe7 13. h3 Nh5 14. d5 Na7 15. Rfd1 e5 1/2-1/2

[Event "Regionalliga NW 0910"]
[Site "Bayern"]
[Date "2010.02.07"]
[Round "6.7"]
[White "Schleupner, Kurt"]
[Black "Bachmann, Wolfgang"]
[Result "1/2-1/2"]
[WhiteElo "1934"]
[BlackElo "1916"]
[PlyCount "103"]
[EventDate "2009.10.18"]
[EventType "team-tourn"]
[EventRounds "9"]
[EventCountry "GER"]
[SourceTitle "EXT 2011"]
[Source "ChessBase"]
[SourceDate "2010.11.26"]
[SourceVersion "1"]
[SourceVersionDate "2010.11.26"]
[SourceQuality "1"]
[WhiteTeam "Hof"]
[BlackTeam "Wuerzburg II"]
[WhiteTeamCountry "GER"]
[BlackTeamCountry "GER"]

1. e4 g6 2. d4 Bg7 3. Nf3 c6 4. Be2 d5 5. e5 Nh6 6. 0-0 f6 7. c3 Nf7 8. exf6 exf6 9. Re1 0-0 10. Nbd2 Re8 11. Nf1 Qb6 12. Bd3 Rxe1 13. Qxe1 Nd7 14. b3 Nf8 15. Be3 Bg4 16. N1d2 Re8 17. Qf1 Nd6 18. h3 Bf5 19. Bxf5 Nxf5 20. Bf4 Qd8 21. b4 Nd6 22. Bxd6 Qxd6 23. Re1 Rxe1 24. Qxe1 Qe6 25. Qxe6+ Nxe6 26. g3 Kf7 27. Kf1 Nc7 28. Ke2 Nb5 29. Kd3 Nd6 30. Ne1 g5 31. g4 Ke6 32. f3 f5 33. Ng2 f4 34. Ne1 Bf6 35. Nc2 Bd8 36. Na1 b6 37. Nab3 Nc8 38. a4 Ne7 39. Nb1 Ng6 40. Ke2 Be7 41. Na3 Nf8 42. Nc2 Nd7 43. Ne1 c5 44. bxc5 bxc5 45. dxc5 Nxc5 46. Nxc5+ Bxc5 47. Kd3 Bb6 48. Kc2 Kd6 49. Nd3 Ba5 50. Kb3 Bb6 51. Kb4 Be3 52. Kb3 1/2-1/2

[Event "Regionalliga NW 0910"]
[Site "Bayern"]
[Date "2009.11.15"]
[Round "2.7"]
[White "Schleupner, Kurt"]
[Black "Urytskyy, Semen"]
[Result "1/2-1/2"]
[WhiteElo "1934"]
[BlackElo "1957"]
[PlyCount "114"]
[EventDate "2009.10.18"]
[EventType "team-tourn"]
[EventRounds "9"]
[EventCountry "GER"]
[SourceTitle "EXT 2011"]
[Source "ChessBase"]
[SourceDate "2010.11.26"]
[SourceVersion "1"]
[SourceVersionDate "2010.11.26"]
[SourceQuality "1"]
[WhiteTeam "Hof"]
[BlackTeam "Kirchenlaibach"]
[WhiteTeamCountry "GER"]
[BlackTeamCountry "GER"]

1. e4 c5 2. Nf3 d6 3. d4 cxd4 4. Nxd4 Nf6 5. Nc3 g6 6. Be3 Bg7 7. f3 0-0 8. Bc4 Nc6 9. Qd2 Bd7 10. Bb3 Na5 11. 0-0 Nxb3 12. axb3 a6 13. Rfd1 Qc7 14. Rac1 b5 15. Nd5 Nxd5 16. exd5 Rac8 17. c3 Qb7 18. Nc2 a5 19. b4 a4 20. Bg5 Rfe8 21. Na3 Rc7 22. Re1 Bf5 23. Rcd1 h5 24. Bf4 Rb8 25. Kh1 Bf6 26. Re2 Rbc8 27. Bg5 Be5 28. Rde1 f6 29. Bh4 Kg7 30. f4 Bxc3 31. bxc3 Rxc3 32. Re3 R3c7 33. h3 Rg8 34. Qe2 Rb8 35. Kh2 Kf8 36. g4 hxg4 37. hxg4 Bc8 38. Bg3 Qxd5 39. f5 gxf5 40. Rxe7 Rbb7 41. Rxc7 Rxc7 42. Qe8+ Kg7 43. Re7+ Rxe7 44. Qxe7+ Qf7 45. Qxf7+ Kxf7 46. gxf5 Bxf5 47. Nxb5 Bd3 48. Na3 Ke6 49. Kg2 d5 50. Kf2 d4 51. Ke1 Kd5 52. Kd2 Bf1 53. Bf2 f5 54. Nc2 Kc4 55. Bxd4 Kb3 56. Ne3 Bb5 57. Nxf5 Kxb4 1/2-1/2

[Event "Erbendorf op"]
[Site "Erbendorf"]
[Date "2009.06.14"]
[Round "7"]
[White "Horther Schneider, Elsbeth"]
[Black "Schleupner, Kurt"]
[Result "1/2-1/2"]
[WhiteElo "1744"]
[BlackElo "1894"]
[PlyCount "94"]
[EventDate "2009.06.11"]
[EventType "swiss"]
[EventRounds "7"]
[EventCountry "GER"]
[SourceTitle "CBM 130 Extra"]
[Source "ChessBase"]
[SourceDate "2009.07.02"]
[SourceVersion "2"]
[SourceVersionDate "2009.07.15"]
[SourceQuality "1"]

1. e4 c5 2. c3 Nf6 3. e5 Nd5 4. d4 cxd4 5. cxd4 e6 6. Nf3 Nc6 7. Nc3 Nxc3 8. bxc3 d6 9. exd6 Qxd6 10. Bd3 g6 11. 0-0 Bd7 12. a4 Qc7 13. Re1 Ne7 14. Qb3 Bc6 15. Ne5 Bg7 16. Nxf7 Bd5 17. c4 Kxf7 18. cxd5 Nxd5 19. Bc4 Bxd4 20. Rb1 Rhd8 21. Bg5 Rd7 22. Qf3+ Kg8 23. Bxd5 Rxd5 24. Qg4 Qf7 25. Be3 Bxe3 26. Rxe3 Rf5 27. f3 b6 28. Qe4 Re8 29. Rc1 Qd7 30. h3 Rd5 31. Rec3 Rd1+ 32. Kh2 Qd6+ 33. f4 Rxc1 34. Rxc1 Rf8 35. Rc4 g5 36. g3 Qd1 37. Qxe6+ Kh8 38. Qe5+ Kg8 39. Qxg5+ Kh8 40. Qe5+ Kg8 41. Qe6+ Kh8 42. Re4 Qc2+ 43. Re2 Qxa4 44. Qe7 Kg8 45. h4 Qd1 46. Re5 Qc2+ 47. Kh3 Qc8+ 1/2-1/2

[Event "Erbendorf op"]
[Site "Erbendorf"]
[Date "2009.06.13"]
[Round "6"]
[White "Schleupner, Kurt"]
[Black "Gleis, Wolfgang"]
[Result "1/2-1/2"]
[WhiteElo "1894"]
[BlackElo "1711"]
[PlyCount "55"]
[EventDate "2009.06.11"]
[EventType "swiss"]
[EventRounds "7"]
[EventCountry "GER"]
[SourceTitle "CBM 130 Extra"]
[Source "ChessBase"]
[SourceDate "2009.07.02"]
[SourceVersion "2"]
[SourceVersionDate "2009.07.15"]
[SourceQuality "1"]

1. e4 Nf6 2. Nc3 d5 3. exd5 Nxd5 4. Ne4 Bf5 5. Ng3 Bg6 6. Nf3 e6 7. Be2 Bd6 8. 0-0 Nd7 9. c3 e5 10. Bc4 N5b6 11. Bb3 0-0 12. d3 Kh8 13. Re1 f6 14. Nh4 Be8 15. Nhf5 Nc5 16. Bc2 g6 17. Nxd6 Qxd6 18. Be3 Nd5 19. d4 Nxe3 20. fxe3 Nd7 21. Qe2 f5 22. Rad1 e4 23. Rf1 Rf6 24. Qd2 Bf7 25. b3 Rf8 26. Ne2 g5 27. Ng3 Bg6 28. Qe2 1/2-1/2

[Event "Regionalliga NW 0809"]
[Site "Bayern"]
[Date "2009.03.29"]
[Round "9.6"]
[White "Schleupner, Kurt"]
[Black "Suess, Mirco"]
[Result "1/2-1/2"]
[WhiteElo "1877"]
[BlackElo "1930"]
[PlyCount "89"]
[EventDate "2008.10.05"]
[EventType "team-tourn"]
[EventRounds "9"]
[EventCountry "GER"]
[SourceTitle "EXT 2020"]
[Source "ChessBase"]
[SourceDate "2019.10.17"]
[SourceVersion "1"]
[SourceVersionDate "2019.10.17"]
[SourceQuality "1"]
[WhiteTeam "Hof"]
[BlackTeam "Klingenberg"]
[WhiteTeamCountry "GER"]
[BlackTeamCountry "GER"]

1. e4 e6 2. d4 d5 3. Nc3 Bb4 4. e5 Qd7 5. a3 Bxc3+ 6. bxc3 b6 7. Nf3 Ne7 8. Bd3 Ba6 9. 0-0 Bxd3 10. Qxd3 c5 11. a4 cxd4 12. cxd4 Nbc6 13. Ba3 Na5 14. Nd2 Rc8 15. Bb4 Nc4 16. a5 Nc6 17. c3 N4xa5 18. Qg3 f5 19. exf6 gxf6 20. Ba3 Nd8 21. Rfe1 Qe7 22. Qg4 Qf7 23. Qf3 Kd7 24. Rac1 Nc4 25. Nxc4 Rxc4 26. Qg3 Kc8 27. Rb1 Rg8 28. Qf3 Rg6 29. g3 h5 30. Rb4 Rc7 31. Qd3 Nc6 32. Rb2 Na5 33. Rbe2 f5 34. Bc1 Kb7 35. Bf4 Rc6 36. h4 Rg8 37. Rb1 Rgc8 38. Rc2 Nc4 39. Ra2 a5 40. Kh2 Ra8 41. Qe2 Qe8 42. Qd1 Nd6 43. f3 Nc4 44. Qb3 Rcc8 45. Ra4 1/2-1/2

[Event "Regionalliga NW 0809"]
[Site "Bayern"]
[Date "2009.02.01"]
[Round "6.8"]
[White "Kuespert, Andre"]
[Black "Schleupner, Kurt"]
[Result "1/2-1/2"]
[WhiteElo "1694"]
[BlackElo "1877"]
[PlyCount "140"]
[EventDate "2008.10.05"]
[EventType "team-tourn"]
[EventRounds "9"]
[EventCountry "GER"]
[SourceTitle "EXT 2020"]
[Source "ChessBase"]
[SourceDate "2019.10.17"]
[SourceVersion "1"]
[SourceVersionDate "2019.10.17"]
[SourceQuality "1"]
[WhiteTeam "Marktleuthen"]
[BlackTeam "Hof"]
[WhiteTeamCountry "GER"]
[BlackTeamCountry "GER"]

1. c4 Nf6 2. g3 g6 3. Nc3 Bg7 4. Bg2 0-0 5. b3 d6 6. Bb2 e5 7. e3 Re8 8. Nge2 Nc6 9. 0-0 Bg4 10. h3 Bd7 11. d4 a6 12. Qd2 Rb8 13. c5 dxc5 14. dxc5 Qe7 15. Ba3 Rbd8 16. Qc2 b5 17. b4 Bf5 18. e4 Be6 19. Rfd1 Nd4 20. Nxd4 Rxd4 21. Ne2 Rdd8 22. Bb2 Bc4 23. a4 c6 24. axb5 axb5 25. Ra6 Rxd1+ 26. Qxd1 Rd8 27. Qe1 Qc7 28. f4 Nd7 29. fxe5 Nxe5 30. Nc1 Qd7 31. Bxe5 Bxe5 32. Ne2 Qc8 33. Ra7 Qb8 34. Ra6 Qb7 35. Ra3 Ra8 36. Rxa8+ Qxa8 37. Qd1 Qa1 38. Qxa1 Bxa1 39. Kf2 Be6 40. Ke3 Bd7 41. Nd4 Bc3 42. Nc2 Kf8 43. Kd3 Be5 44. g4 Ke7 45. Nd4 Kd8 46. Nf3 Bf4 47. Kd4 Bc1 48. e5 Kc7 49. Kd3 h6 50. Nd4 Bf4 51. e6 fxe6 52. Bxc6 Bxc6 53. Nxe6+ Kd7 54. Nxf4 g5 55. Ng6 Bg2 56. h4 gxh4 57. Nxh4 Bh3 58. Nf5 Bxg4 59. Nxh6 Be6 60. Ke4 Bh3 61. Nf5 Bf1 62. Kd4 Bc4 63. Nd6 Bf1 64. Nb7 Kc7 65. Na5 Bg2 66. Ke5 Bf3 67. Nb3 Be2 68. Nd4 Bf1 69. Ne6+ Kc6 70. Nd4+ Kc7 1/2-1/2